000 00283nam a22001217a 4500
008 181012b xxu||||| |||| 00| 0 eng d
041 _aeng
080 _a616
100 _a8
101 _aPAT
245 _aPathology of Conducting Tissue of the Heart
_cDavies, M.J
942 _2udc
_cBK
999 _c49508
_d49508